000 00310nam a2200121Ia 4500
008 190216s9999||||xx |||||||||||||| ||und||
100 _aCadre Ado
245 0 _aLic Apprentice Development Officers
260 _b"Avadh Prakashan , Agra"
_c1985
300 _a146p
650 _aGeneral Collections
942 _cREF
999 _c35648
_d35648